Statistiques concernant Pays en I

Cliquez ici pour prendre le quiz!

Statistiques générales

  • Ce quiz a été pris 626 fois
  • Le résultat moyen est 6 sur 8

Statistiques - réponses

Pays% Correct
Irlande
89%
Italie
88%
Islande
86%
Inde
85%
Indonésie
80%
Iran
78%
Irak
77%
Israël
65%

Distribution des résultats

Percentile par nombre de réponses

% des personnes avec chaque résultat

Votre développement - résultats

Vous n’avez pas pris ce quiz